Aktív turizmus a Mátrában a turisztikai megújulás esélyeinek és lehetőségeinek vizsgálata /

Matra is the one of the most popular tourism destinations of Hungary. The mountainous environment provides appropriate opportunities for the native supply and gives every kinds of sport in the mountain environment. The social and natural values of the region take fine background for local tourism an...

Teljes leírás

Elmentve itt :
Bibliográfiai részletek
Szerző: Máltesics Péter
Dokumentumtípus: Könyv része
Megjelent: 2018
Sorozat:Móra Akadémia 5
Móra Akadémia : szakkollégiumi tanulmánykötet 5. 5
Kulcsszavak:Turizmus - Magyarország - regionális, Mátra, Idegenforgalom - Magyarország - regionális
Online Access:http://acta.bibl.u-szeged.hu/58228
LEADER 02061naa a2200205 i 4500
001 acta58228
005 20260224081030.0
008 190724s2018 hu o 000 hun d
022 |a 2064-809X 
040 |a SZTE Egyetemi Kiadványok Repozitórium  |b hun 
041 |a hun 
100 1 |a Máltesics Péter 
245 1 0 |a Aktív turizmus a Mátrában   |h [elektronikus dokumentum] :  |b a turisztikai megújulás esélyeinek és lehetőségeinek vizsgálata /  |c  Máltesics Péter 
260 |c 2018 
300 |a 113-137 
490 0 |a Móra Akadémia  |v 5 
490 0 |a Móra Akadémia : szakkollégiumi tanulmánykötet 5.  |v 5 
520 3 |a Matra is the one of the most popular tourism destinations of Hungary. The mountainous environment provides appropriate opportunities for the native supply and gives every kinds of sport in the mountain environment. The social and natural values of the region take fine background for local tourism and for visitors. The pattern of the local society conserves the Hungarian national traditions, so in this way the renewed castles, museums and basements still gives an atmosphere of the old generations for new ones. Besides the „mountaincharacter”, the area has got the main profile of activity, continuous movements and active tourism. The products of intensive sports gives more than hiking opportunities, because the ski-tourism, bike and motorcycle tourism and the extreme tourism guarantees the national competitiveness in demand and supply-side as well. The Matra is the only one, which has got extended complexity of tourism products from among of native destinations, so it serves perfect choice for the potential visitor of local and social attractions. The original proposal and hypothesis has been confirmed, because all of the product types could result the desired competitiveness altogether, and not in a separated basis. 
695 |a Turizmus - Magyarország - regionális, Mátra, Idegenforgalom - Magyarország - regionális 
856 4 0 |u http://acta.bibl.u-szeged.hu/58228/1/moraakademia_005_113-137.pdf  |z Dokumentum-elérés